Arcview GIS مدخل إلى نظم المعلومات الجغرافية و بياناتها مع تطبيقات لبرنامج / (رقم التسجيلة. 13992)

تفاصيل مارك
000 -LEADER
fixed length control field 00680nam a22001937a 4500
005 - DATE AND TIME OF LATEST TRANSACTION
control field 20251108164754.0
008 - FIXED-LENGTH DATA ELEMENTS--GENERAL INFORMATION
fixed length control field 250721s2008 xx 000 0 ara d
082 14 - DEWEY DECIMAL CLASSIFICATION NUMBER
Classification number 910.10285/عزا
100 1# - MAIN ENTRY--PERSONAL NAME
Personal name العزاوي، ثائر مظهر فهمي
Relator term مؤلف
245 10 - TITLE STATEMENT
Title Arcview GIS مدخل إلى نظم المعلومات الجغرافية و بياناتها مع تطبيقات لبرنامج /
264 1# - PRODUCTION, PUBLICATION, DISTRIBUTION, MANUFACTURE, AND COPYRIGHT NOTICE
Place of production, publication, distribution, manufacture عمان :
Name of producer, publisher, distributor, manufacturer دار الحامد،
Date of production, publication, distribution, manufacture, or copyright notice 2008.
300 ## - PHYSICAL DESCRIPTION
Extent 310ص.
650 17 - SUBJECT ADDED ENTRY--TOPICAL TERM
Topical term or geographic name as entry element نظم المعلومات الجغرافيه
650 17 - SUBJECT ADDED ENTRY--TOPICAL TERM
Topical term or geographic name as entry element الجغرافيا
650 17 - SUBJECT ADDED ENTRY--TOPICAL TERM
Topical term or geographic name as entry element علم الحاسوب
650 17 - SUBJECT ADDED ENTRY--TOPICAL TERM
Topical term or geographic name as entry element الحواسيب
942 ## - ADDED ENTRY ELEMENTS (KOHA)
Source of classification or shelving scheme Dewey Decimal Classification
Koha item type كتب
المقتنيات
حالة السحب حالة الفقدان مصدر التصنيف حالة التلف غير قابل للإعارة المكتبة الرئيسية المكتبة الحالية موقع الرف تاريخ التزويد الرقم المتسلسل Total Checkouts رقم الإستدعاء الباركود تاريخ آخر ظهور تاريخ الفاتورة نوع المادة (كوها)
    Dewey Decimal Classification     المكتبة المركزية المكتبة المركزية الإعارة 01/04/2009 1269259   910.10285/عزا PLD00081246 28/07/2025 01/04/2009 كتب
    Dewey Decimal Classification     المكتبة المركزية المكتبة المركزية مقتنيات قسم التزويد 28/07/2025 1493980   910.10285/عزا   28/07/2025 28/07/2025 كتب
    Dewey Decimal Classification     مكتبة أبو علندا العامة مكتبة أبو علندا العامة الإعارة 01/04/2009 1269254   910.10285/عزا PLD00081241 28/07/2025 01/04/2009 كتب
    Dewey Decimal Classification     مكتبة البراعم الواعدة مكتبة البراعم الواعدة الإعارة 01/04/2009 1269255   910.10285/عزا PLD00081242 28/07/2025 01/04/2009 كتب
    Dewey Decimal Classification     مكتبة مرج الحمام مكتبة مرج الحمام الإعارة 01/04/2009 1269258   910.10285/عزا PLD00081245 28/07/2025 01/04/2009 كتب
Implemented & Customized by: BBB with SCIT (Smart Chains for Information Technology)

Powered by Koha